Loading...
| Current Events | 1 | 20.00 | 100% | 0% | 100% |
| Fine Arts - Classical Music | 10 | 21.00 | 90% | 70% | 50% |
| Fine Arts - Other Fine Arts | 9 | 23.33 | 100% | 67% | 67% |
| Fine Arts - Painting and Sculpture | 6 | 25.00 | 100% | 100% | 50% |
| Geography | 1 | 10.00 | 100% | 0% | 0% |
| History - American History | 4 | 15.00 | 100% | 50% | 0% |
| History - European History | 9 | 23.33 | 100% | 89% | 44% |
| History - Other History | 5 | 22.00 | 100% | 100% | 20% |
| History - World History | 8 | 17.50 | 100% | 63% | 13% |
| Literature - American Literature | 9 | 23.33 | 100% | 100% | 33% |
| Literature - British Literature | 7 | 28.57 | 100% | 100% | 86% |
| Literature - European Literature | 8 | 22.50 | 100% | 88% | 38% |
| Literature - World Literature | 5 | 30.00 | 100% | 100% | 100% |
| Mythology | 7 | 21.43 | 100% | 71% | 43% |
| Other Academic | 2 | 20.00 | 100% | 100% | 0% |
| Philosophy | 7 | 18.57 | 100% | 71% | 14% |
| Pop Culture | 2 | 15.00 | 100% | 50% | 0% |
| Religion | 8 | 17.50 | 100% | 75% | 0% |
| Science - Biology | 8 | 18.75 | 88% | 63% | 38% |
| Science - Chemistry | 8 | 20.00 | 100% | 88% | 13% |
| Science - Other Science | 6 | 11.67 | 100% | 17% | 0% |
| Science - Physics | 7 | 12.86 | 100% | 29% | 0% |
| Social Science | 7 | 18.57 | 100% | 71% | 14% |